Was I born in Africa? II Quiz Stats

 Plays Quiz not verified by Sporcle

Score 0/30 Timer 10:00
0 Plays Today
% Correct
Born in Kiambu, Kenya
99.2%
Born in Mvezo, South Africa
95.1%
Born in KwaZulu-Natal, South Africa
91.8%
Born in Ejersa Goro, Ethiopia
88.5%
Born in Alexandria, Egypt
86.9%
Born in Blantyre, United Kingdom
86.1%
Born in Ikeja, Nigeria
83.6%
Born in Johannesburg, South Africa
82.8%
Born in Carthage, in present-day Tunisia
82%
Born in Syracuse, Italy
79.5%
Born in Egypt
78.7%
Born in Tangier, Morocco
76.2%
Born in Algarve, Portugal
74.6%
Born in Norfolk, USA
72.1%
Born in Kingston, Jamaica
69.7%
% Correct
Born in Mumbai, India
68%
Born in Turin, Italy
68%
Born in Benoni, South Africa
63.1%
Born in Nassau, Bahamas
61.5%
Born in Guantánamo, Cuba
61.5%
Born in Amparibe, Madagascar
61.5%
Born in Cairo, Egypt
59.8%
Born in Algiers, Algeria
58.2%
Born in Bruny Island, Australia
58.2%
Born in Marseille, France
56.6%
Born in Cap-Haïtien, Haiti
55.7%
Born in Tenerife, Spain
54.1%
Born in Macedon
54.1%
Born in Cyrene, in present-day Libya
45.9%
Born in London, United Kingdom
39.3%

You're not logged in!

Compare scores with friends on all Sporcle quizzes.
OR
Log In

Sporcle TV

Today on Sporcle TV


Watch our educational content, quiz creation guides, and fun videos on Sporcle TV.

Show Comments

Extras

Top Quizzes Today


Score Distribution

Your Account Isn't Verified!

In order to create a playlist on Sporcle, you need to verify the email address you used during registration. Go to your Sporcle Settings to finish the process.

Report this User

Report this user for behavior that violates our Community Guidelines.

Details: